000 00881cam a22002411 4500
999 _c18419
_d18419
008 720504s1960 nyuaf 000 0beng
050 0 0 _aNA1088.M57
_bV6 1960
100 1 _aEckardt, Wolf von
245 0 0 _aEric Mendelsohn/
260 _aNew York:
_bG. Braziller,
_c1960.
300 _a128 p. :
_bill. ;
_c26 cm.
500 _a"Selected bibliography of books and articles written by Eric Mendelsohn": p. 119. "Selected bibliography on Eric Mendelsohn": p. 121.
942 _2lcc
_cBOOKS
_hNA1088.M57 V6 1960